Tilastot visalle Eteläisen pallonpuoliskon valtiot

Klikkaa tästä pelataksesi tätä visaa!

Yleistilastot

  • Tätä visaa on pelattu 107 kertaa
  • Keskiarvotulos 43 / 48

Vastaustilastot

Valtio% Oikein
Argentiina
100%
Australia
100%
Uusi-Seelanti
100%
Indonesia
100%
Etelä-Afrikka
100%
Brasilia
97%
Chile
97%
Uruguay
97%
Paraguay
96%
Kongon dem. tasavalta
95%
Namibia
95%
Bolivia
95%
Tansania
95%
Kongon tasavalta
95%
Angola
94%
Lesotho
94%
Kolumbia
94%
Ecuador
92%
Nauru
91%
Madagaskar
91%
Peru
91%
Zimbabwe
90%
Mosambik
90%
Tuvalu
90%
Botswana
89%
Uganda
89%
Ruanda
89%
Kenia
89%
Swazimaa
87%
Vanuatu
86%
Papua-Uusi-Guinea
86%
Fidži
86%
Kiribati
86%
Sambia
85%
Malawi
85%
Salomonsaaret
84%
Itä-Timor
84%
Mauritius
82%
Tonga
82%
Seychellit
81%
Burundi
81%
Komorit
80%
Somalia
78%
Samoa
76%
Malediivit
75%
Päiväntasaajan Guinea
75%
Gabon
73%
São Tomé ja Príncipe
72%

Tulosjakauma

Persentiili vastausten määrän mukaan

Jokaisen tuloksen saaneiden osuus

Tuloshistoriasi

Et ole pelannut tätä visaa